[Event "Veneto Province-ch qf 82nd"]
[Site "Ceregnano"]
[Date "2023.05.27"]
[Round "3.4"]
[White "Zerba, Fabio"]
[Black "Tomio, Dante"]
[Result "1/2-1/2"]
[WhiteElo "1445"]
[BlackElo "1711"]
[PlyCount "66"]
[EventDate "2023.05.26"]
[EventType "swiss"]
[EventRounds "5"]
[EventCountry "ITA"]
[SourceTitle "EXT 2024"]
[Source "ChessBase"]
[SourceDate "2023.10.10"]
[SourceVersion "1"]
[SourceVersionDate "2023.10.10"]
[SourceQuality "1"]

1. b3 e5 2. Bb2 d6 3. e3 Nf6 4. d3 Be7 5. Nd2 b6 6. Ngf3 Bb7 7. Be2 0-0 8. 0-0 Nbd7 9. Re1 Re8 10. Rb1 Bf8 11. c4 c5 12. e4 Nb8 13. h3 Nc6 14. a3 a5 15. Bc3 Qc7 16. Kf1 Nd4 17. Nxd4 exd4 18. Bb2 Nd7 19. a4 Ne5 20. Nf3 Bc8 21. Nxe5 dxe5 22. Bg4 Be6 23. Bc1 Qd7 24. Bxe6 Rxe6 25. Kg1 Rg6 26. Kh1 Bd6 27. Rf1 Rf8 28. f4 exf4 29. Bxf4 Bxf4 30. Rxf4 Rg3 31. Rf3 Rg6 32. Qe2 Re6 33. Rbf1 Re5 1/2-1/2

[Event "Pianoro op"]
[Site "Pianoro"]
[Date "2011.11.25"]
[Round "1"]
[White "Otte, Marijn Willem"]
[Black "Zerba, Fabio"]
[Result "1-0"]
[WhiteElo "2236"]
[BlackElo "1775"]
[PlyCount "115"]
[EventDate "2011.11.25"]
[EventType "swiss"]
[EventRounds "5"]
[EventCountry "ITA"]
[SourceTitle "CBM 145 Extra"]
[Source "ChessBase"]
[SourceDate "2012.01.03"]
[SourceVersion "1"]
[SourceVersionDate "2012.01.03"]
[SourceQuality "1"]

1. e4 d5 2. exd5 Qxd5 3. Nf3 Bg4 4. Be2 Nf6 5. d4 e6 6. 0-0 Nc6 7. Be3 Be7 8. h3 Bh5 9. c4 Qd7 10. Nbd2 Bg6 11. a3 Ne4 12. Nb3 Rd8 13. Bd3 0-0 14. Qc2 Nf6 15. Bxg6 fxg6 16. Rad1 Nh5 17. Qe2 Nf4 18. Bxf4 Rxf4 19. Rfe1 Bf8 20. Qxe6+ Qxe6 21. Rxe6 Rf6 22. Re3 Ne7 23. Rde1 Nf5 24. Re8 Rxe8 25. Rxe8 Nd6 26. Rb8 b6 27. Ne5 Re6 28. f4 Re8 29. Rxe8 Nxe8 30. Kf2 Nd6 31. Kf3 a5 32. g4 Be7 33. a4 Bf6 34. Nd2 Nf7 35. Nxf7 Kxf7 36. Ke4 Ke6 37. Nf3 Kd6 38. b3 c5 39. d5 Be7 40. g5 Bf8 41. h4 Be7 42. Ne5 Bf8 43. Nc6 Kd7 44. f5 gxf5+ 45. Kxf5 Bd6 46. h5 Bf8 47. Ne5+ Ke7 48. g6 h6 49. Nf7 Kd7 50. Ke5 Be7 51. d6 Bf6+ 52. Kd5 Bb2 53. Ne5+ Ke8 54. Ke6 Bxe5 55. Kxe5 Kd7 56. Kd5 Kd8 57. Kc6 b5 58. axb5 1-0

[Event "Arvier Amatori op 1st"]
[Site "Arvier"]
[Date "2011.01.08"]
[Round "6"]
[White "Aral, Simone"]
[Black "Zerba, Fabio"]
[Result "1-0"]
[WhiteElo "1503"]
[BlackElo "1844"]
[PlyCount "121"]
[EventDate "2011.01.03"]
[EventType "swiss"]
[EventRounds "7"]
[EventCountry "ITA"]
[SourceTitle "EXT 2012"]
[Source "ChessBase"]
[SourceDate "2011.11.24"]
[SourceVersion "1"]
[SourceVersionDate "2011.11.24"]
[SourceQuality "1"]

1. e4 d5 2. exd5 Qxd5 3. Nc3 Qd6 4. d4 Nf6 5. Nf3 Bg4 6. Be2 c6 7. Be3 Nbd7 8. Qd2 Nb6 9. Bf4 Qd8 10. 0-0 e6 11. Rad1 Nbd5 12. Nxd5 Nxd5 13. h3 Bf5 14. c3 Nxf4 15. Qxf4 Bd6 16. Qc1 Qc7 17. Bd3 Bg6 18. Bxg6 hxg6 19. Rfe1 0-0-0 20. Ne5 Rh5 21. Nf3 g5 22. Kf1 Rdh8 23. Ne5 Bxe5 24. Rxe5 Qd8 25. Qe3 Kb8 26. Qg3 Ka8 27. Qe3 Qf6 28. Rd3 Rd8 29. Qf3 Qg6 30. Rd1 Rh4 31. Qe3 Rd5 32. Rxd5 cxd5 33. Qe5 Rh8 34. Qe2 a6 35. Re1 b5 36. a4 Rb8 37. Ra1 Qe4 38. Qxe4 dxe4 39. axb5 Rxb5 40. Rxa6+ Kb7 41. Ra2 f5 42. b4 f4 43. Ke2 g6 44. Ra4 Kc6 45. Ra6+ Kd5 46. Kd2 Rb7 47. Ra5+ Kc4 48. Rc5+ Kb3 49. Rxg5 Ra7 50. Ra5 Rd7 51. Ra6 Re7 52. b5 Kc4 53. Rb6 e3+ 54. fxe3 fxe3+ 55. Kxe3 Kxc3 56. Ke4 Kc4 57. Ke5 Rd7 58. Rd6 Rb7 59. b6 Kb5 60. Rxe6 g5 61. Kf5 1-0

[Event "Arvier Amatori op 1st"]
[Site "Arvier"]
[Date "2011.01.05"]
[Round "3"]
[White "Zerba, Fabio"]
[Black "Piazza, Giacomo"]
[Result "1-0"]
[WhiteElo "1844"]
[BlackElo "1658"]
[PlyCount "103"]
[EventDate "2011.01.03"]
[EventType "swiss"]
[EventRounds "7"]
[EventCountry "ITA"]
[SourceTitle "EXT 2012"]
[Source "ChessBase"]
[SourceDate "2011.11.24"]
[SourceVersion "1"]
[SourceVersionDate "2011.11.24"]
[SourceQuality "1"]

1. d4 g6 2. c4 d6 3. Nf3 Bg7 4. e4 Nd7 5. Be2 b6 6. Nc3 Bb7 7. Be3 h6 8. Qd2 Ngf6 9. d5 a6 10. h3 Nc5 11. Bxc5 bxc5 12. Bd1 Rb8 13. Ba4+ Nd7 14. Ke2 0-0 15. Bc2 e5 16. g4 Bc8 17. b3 f6 18. h4 Qe8 19. h5 Qf7 20. Rag1 g5 21. Nh2 Nb6 22. f3 Bd7 23. Nf1 Rbd8 24. Ne3 Nc8 25. Na4 Nb6 26. Qa5 Rb8 27. Nxb6 cxb6 28. Qxa6 Bc8 29. Qa3 Bd7 30. Qb2 b5 31. cxb5 Bxb5+ 32. Bd3 Bxd3+ 33. Kxd3 Qd7 34. Qc2 Qa7 35. Nf5 Rb4 36. Nxg7 c4+ 37. Ke2 Kxg7 38. Rc1 Rc8 39. Qd2 Qb6 40. Rc3 Rc5 41. Rhc1 cxb3 42. Rxc5 dxc5 43. axb3 Rd4 44. Qc3 Qb5+ 45. Ke3 Qa6 46. Ra1 Rd3+ 47. Qxd3 Qxa1 48. d6 Qa7 49. Qc4 Qb6 50. d7 Qd6 51. Qd5 Qb6 52. d8Q 1-0